Responses for Show #4512 - Tuesday, March 30, 2004

Contestants

[<< previous game]

Anne Noble, an appellate lawyer from Washington, D.C.

David Seminer, a neurologist from Sacramento, California

Valerie Takacs, an accounting assistant from Hudson, Ohio (whose 2-day cash winnings total $31,400)

[next game >>]

Jeopardy! Round responses

PRESIDENTIAL FACTS
'70s MUSIC
ARMOR
PROVINCE TOWNS
(Alex: We'll give you some towns; you have to identify the Canadian province in which you would find those towns.)
CRIME TIME
IT'S ALWAYS ABOUT "U"
    $200 6
Ronald Reagan

David
    $200 1
Carole King

David
    $200 9
lance

Valerie
    $200 20
Quebec

David
    $200 14
felony

David
    $200 7
the United Nations

David
    $400 15
FDR

David
    $400 2
Shaft

Valerie
    $400 10
(David: What are opera gloves?)

gauntlets

David
Triple Stumper
    $400 21
British Columbia

David
    $400 16
vandalism

David
    $400 8
the Untouchables

David
    $600 22
(Valerie: Who is George Bush?)

John Adams

ValerieDavid
    $600 3
"Nadia's Theme"

Triple Stumper
    $600 25
chain mail

Valerie
    $600 28
Nova Scotia

Anne
    $600 17
graft

David
    $600 11
Uzbekistan

Triple Stumper
    $800 23
(Anne: Who is George Bush?)
(Alex: Which one?)
(Anne: The first.)
(Alex: Ok, yes, Dad, H.W., Herbert Walker.)

George (Herbert Walker) Bush

Anne
    $800 4
drift away

David
    $800 26
the helmet

David
    $800 29
Ontario

Valerie
    $800 18
breach

Valerie
    $800 12
uranium

David
    $1,000 24
(Alex: He wasn't elected to the presidency.)

the House of Representatives

Anne
    $1000 5
Three Dog Night

Anne
    $1000 27
the Holy Roman Empire

Triple Stumper
    $1000 30
(Anne: What is Winnipeg?)
(Valerie: What is Saskatchewan?)
(David: What are the Northwest Territories?)
...
(Alex: Winnipeg is a city.)

Alberta

ValerieDavidAnne
Triple Stumper
    $1000 19
poaching

Valerie
    $1000 13
Urdu

Valerie

Scores at the first commercial break (after clue 15):

Valerie David Anne
$1,600 $2,800 $1,000

Scores at the end of the Jeopardy! Round:

Valerie David Anne
$3,200 $4,800 $2,400

Double Jeopardy! Round responses

VOLCANOES
SCREEN PLAYS
THE EAGLES HAVE LANDED
10-LETTER WORDS
MR. T
(Alex: And what do we associate with him...)
I PITY THE FOOL
    $400 26
(David: What is Mount St. Helens?)

Mount Rainier

David
Triple Stumper
    $400 2
Roses

David
    $400 1
an Eagle Scout

Valerie
    $400 7
pallbearer

David
    $400 8
Desmond Tutu

David
    $400 5
Puck

Valerie
    $800 27
Pliny

Anne
    $800 4
Martin Luther

David
    $800 3
eaglets

David
    $800 11
his conscience

David
    $800 10
Robert Taft

David
    $800 9
a tree

David
    $1200 6
Biloxi Blues

David
    $1200 17
the griffin

David
    $1200 20
clementine

Valerie
    $1200 13
Talleyrand

Valerie
    $1200 23
Don Quixote

Valerie
    $1600 12
Oscar Wilde

David
    $1600 18
an aerie

Valerie
    $1600 21
watchmaker

Anne
    $1600 15
Tacitus

Triple Stumper
    $1600 24
(Valerie: What is Job?)

Proverbs

Valerie
Triple Stumper
    $2,000 28
(Anne: What is Vesuvius?)
[The end-of-round signal sounds.]

Mount Fuji

Anne
    $2000 14
Noel Coward

Valerie
    $2000 19
(Valerie: What is a hot air balloon?)

a helium balloon

Valerie
Triple Stumper
    $2000 22
the flugelhorn

Valerie
    $1,700 16
Tchaikovsky

Valerie
    $2000 25
(Alex: We have a minute to deal with the last category.)

Emerson

David

Scores at the end of the Double Jeopardy! Round:

Valerie David Anne
$11,300 $15,600 $2,800

[wagering suggestions for these scores]

Final Jeopardy! Round responses

AMERICAN LITERATURE
AnneWhat is Rip Van Winkle?
$2,600
ValerieWhat is the Rip Van the legend of sleepy hollows?
$10,300
DavidWhat is the legend of Sleepy Hollow Rip Van Winkle?
$7,001
"Rip Van Winkle"

Final scores:

Valerie David Anne
$1,000 $22,601 $5,400
3rd place: $1,000 New champion: $22,601 2nd place: $2,000

Game dynamics:

Coryat scores:

Valerie David Anne
$11,600 $15,600 $4,800
16 R
(including 1 DD),
4 W
26 R,
3 W
6 R
(including 1 DD),
2 W
(including 1 DD)

Combined Coryat: $32,000

[game clues] [game scores] [suggest correction]

Game tape date: 2004-01-21
The J! Archive is created by fans, for fans. Scraping, republication, monetization, and malicious use prohibited; this site may use cookies and collect identifying information. See terms. The Jeopardy! game show and all elements thereof, including but not limited to copyright and trademark thereto, are the property of Jeopardy Productions, Inc. and are protected under law. This website is not affiliated with, sponsored by, or operated by Jeopardy Productions, Inc. Join the discussion at JBoard.tv.